000 00454nam a2200181Ia 4500
008 151202s9999||||xx |||||||||||||| ||und||
082 _bPNVM-83093
100 _aENID BLYTON.
245 _aSecret Seven Adventure.2.
260 _bHODDER & STOUGHTON.
260 _c2004
300 _a121
600 _aENID BLYTON.
630 _aSecret Seven Adventure.2.
700 _aENID BLYTON.
730 _aSecret Seven Adventure.2.
942 _cBOOK
999 _c1347793
_d1347790